Times Lingua : Letter writing
| Corporate Author: | |
|---|---|
| Format: | Book |
| Published: |
Sg :
Times Publishing Ltd ,
2004
|
| Subjects: |
MARC
| LEADER | 00000cam a2200000 7i4500 | ||
|---|---|---|---|
| 001 | 0000061253 | ||
| 005 | 20160314.0 | ||
| 008 | 160314 | ||
| 020 | |a 9810121911 | ||
| 090 | 0 | 0 | |a 428.2 |b TIM |
| 110 | 0 | |a Times Publishing Ltd | |
| 245 | 1 | 0 | |a Times Lingua : |b Letter writing |c Times Publishing Ltd |
| 260 | |a Sg : |b Times Publishing Ltd , |c 2004 | ||
| 300 | |a 90 p. : |b ill.,col. ; |c 20 cm. | ||
| 650 | 0 | |a English language |x Conversation and phrase books | |
| 999 | |a 0001393277 |b Book |c Adult Collection |e Perbadanan Perpustakaan Awam Johor | ||